Guía para establecer centros de documentación en ciencias sociales en los países en vías de desarrollo /

Enregistré dans:
Détails bibliographiques
Auteur principal: Meyriat, Jean
Collectivités auteurs: UNAN, Instituto de Investigaciones Sociales
Autres auteurs: Beauchet, Micheline colab
Format: Texte
Publié: México D.F.: UNAM
Tags: Ajouter un tag
Pas de tags, Soyez le premier à ajouter un tag!

MARC

LEADER 00000 a a2200000 04500
001 23496
003
040
090 |a 163200  
100 |a Meyriat, Jean  
110 |a UNAN  
245 |a Guía para establecer centros de documentación en ciencias sociales en los países en vías de desarrollo /  |c UNAN  
260 |a México D.F.:   |b UNAM  
300 |a 128 p.  
700 |a Beauchet, Micheline   |a colab  
710 |a Instituto de Investigaciones Sociales  
999 |c 15291  |d 15291